Pas la paix - SCH - Statistiques

Statistiques générales
  • Ce quiz a été pris 62 fois
  • Le résultat moyen est 407 sur 623
Statistiques - réponses
Hint Réponse % Correct
100%
la
100%
l'a
100%
Là,
100%
paix,
100%
paix
100%
pas
100%
donc
98%
j'veux
98%
plein
98%
me
96%
peine
96%
ces
94%
c'est
94%
de
94%
Il
94%
même,
94%
même
94%
R,
94%
R
94%
Back à
91%
À
91%
on
91%
91%
d'fric
89%
le
89%
Ma
89%
quoi
89%
les
87%
Tout
87%
tout
87%
y’a
87%
dans
85%
fait
85%
front,
85%
front
85%
mec,
85%
mec
85%
sur
85%
temps
85%
tu
85%
38
83%
mauvais
83%
mes
83%
pour
83%
et
81%
J'vais
81%
quand
81%
que
81%
s'discute
81%
ton
81%
tué
81%
un
81%
vit
81%
bien
79%
j'étais
79%
lean
79%
parce
79%
T'étais
77%
une
77%
font,
74%
font
74%
gars
74%
piscine
74%
Back vie),
74%
vie
74%
Back vie)
74%
peines
72%
ta
72%
Ta
72%
toujours
72%
mon
70%
oublier
70%
pauvre
70%
fournaise
68%
m'faudrait
68%
Non,
68%
non
68%
Non
68%
non,
68%
oui
68%
oui,
68%
longtemps
66%
Longtemps
66%
qu'on
66%
J'ai
64%
j'ai
64%
Oh
64%
T'es
64%
tes
64%
attend
62%
attend,
62%
Back (J'y
60%
J'y
60%
maman
60%
moi
60%
alors
57%
du
57%
mais
57%
nous
57%
sans
57%
va
57%
années
55%
est
55%
j'relève
55%
triste
55%
comme
53%
folles
53%
j'aurais
53%
Back penserai
53%
Rien
53%
rien
53%
verre
53%
voir
53%
bouche
51%
des
51%
J'suis
51%
j'suis
51%
poussé
51%
qui
51%
signifiant,
51%
vaux
51%
vois
51%
au
49%
contribuable
49%
crever
49%
ouverte
49%
âmes
47%
chaud
47%
d'bien
47%
ficelles
47%
j'préfère
47%
mecs
47%
paye
47%
Allez
45%
allez
45%
Avec
45%
Back (Ferrari)
45%
île,
45%
j'l'ai
45%
J'l'ai
45%
J'tire
45%
malléables
45%
marionnettiste,
45%
plaît
45%
rêves
45%
sait
45%
sers
45%
tous
45%
Tous
45%
t'uer-t
45%
t'uer-t'
45%
fois
43%
première
43%
qu'tu
43%
suceurs
43%
bite
40%
crime
40%
d'rêve
40%
hop,
40%
pire
40%
rapportes
40%
rennes
40%
repense
40%
sale
40%
Scène
40%
sous
40%
tard-pé,
40%
tient
40%
veines
40%
balais,
38%
chemins
38%
droit
38%
encore
38%
jusqu'à
38%
pitres
38%
plus
38%
qu'c'est
38%
Rome
38%
rues
38%
tribunal
38%
cargaison
36%
j'compte
36%
j'sais
36%
Mille-deux
36%
n'est
36%
t'fait
36%
clips,
34%
Compte
34%
cordes,
34%
hier
34%
Hier
34%
m'endormir
34%
Rif,
34%
soixante-dix
34%
vient
34%
baie
32%
gérer
32%
harnais
32%
liquide
32%
mènent
32%
trop
32%
d'conflictuel
30%
déjà,
30%
d'légal,
30%
Doudoune
30%
erré
30%
guerre
30%
j'l'avais
30%
Back (J'penserai
30%
l'euro
30%
l'porche
30%
l'porche,
30%
pris
30%
succursale,
30%
tain-p'
30%
tain-p',
30%
t'jette
30%
CZ
28%
d’intérêt
28%
d'trucs
28%
j'bande
28%
l'parking
28%
l'vide
28%
quad
28%
qu't'as
28%
reufs
28%
sombres
28%
trou,
28%
vu
28%
ai
26%
couverture
26%
d'un
26%
être
26%
j'mène
26%
Back (J'peux
26%
lune
26%
profit
26%
serrés
26%
terrains
26%
v'nu
26%
cœur,
23%
d'seille
23%
d''seille
23%
Glock
23%
J'avais
23%
jette
23%
litres
23%
paquets
23%
qu'ont
23%
'vec
23%
vitre
23%
avenir
21%
bateau
21%
Cocktail
21%
crosse
21%
jamais
21%
J'en
21%
libre
21%
qu'tous
21%
titre,
21%
contre
19%
deux
19%
d'intérim,
19%
d'kheys
19%
d’kheys
19%
dus-per
19%
fantôme
19%
liens
19%
lire
19%
Back l’jurer)
19%
Back l'jurer)
19%
pleins
19%
retrouve
19%
thèmes
19%
tribunes
19%
autant
17%
d'amitié
17%
faible
17%
j'laisse
17%
J'voulais
17%
l'homme
17%
opérer
17%
qu'j'en
17%
qu'j'le
17%
s'cacher
17%
shit
17%
Vends
17%
hasch,
15%
zone
15%
cess
13%
nos
13%
périment,
13%
s’terrer
13%
déférés
11%
pissé
11%
selle
9%
habiles
6%
Aucun quiz correspondant
Distribution des résultats
% des personnes avec chaque résultat
Percentile par nombre de réponses
Votre historique - résultats
Vous n’avez pas pris ce quiz